| 000 | 00727nam a2200265Ia 4500 | ||
|---|---|---|---|
| 003 | OSt | ||
| 005 | 20221007105508.0 | ||
| 006 | a|||||r|||| 00| 0 | ||
| 007 | ta | ||
| 008 | 221006b |||||||| |||| 00| 0 eng d | ||
| 024 | _a18,729 | ||
| 037 | _cTextual | ||
| 040 |
_aLCO _cLCO _beng |
||
| 041 |
_2eng _aeng |
||
| 082 | _aZ2,211,3, L8 | ||
| 100 |
_aTewari O.P _9687037 |
||
| 245 | 0 | _aPublic Premises (Eviction of Unauthorised Occupants) Act,1971 | |
| 250 | _a2nd | ||
| 260 |
_aDelhi _bOm Law Book House India _c1978 |
||
| 300 | _a152+8 | ||
| 650 |
_aPUBLIC PREMISES _9700841 |
||
| 700 | _a Ashwani Kumar | ||
| 942 |
_hZ2,211,3, L8 _cTEXL |
||
| 999 |
_c1188292 _d1188292 |
||